000 00279nam a2200097Ia 4500
001 1229368
005 20250827093100.0
008 250824s9999 xx 000 0 und d
245 0 _aSABOTAJCI
_cCLIVE CUSSLER VE JACK DU BRUL
260 _bALTIN KİTAPLAR YAYINLARI
999 _c1229368
_d1229368